000 00340nam a22001337a 4500
008 170831b xxu||||| |||| 00| 0 eng d
020 _a9780852236413
041 _aeng
080 _a070
100 _a40
101 _aMED
245 _aTHE PROBLEM SOLVING BOOK FOR EVERY PHOTOGRAPHIC SITUATION
_cLANGFORDS.M
942 _2udc
_cBK
999 _c25773
_d25773